|
书名:
|
日本研究论丛第4辑
|
|
|
作者:
|
陈秀武
主编
|
|
出版信息:
|
北京
社会科学文献出版社
2023.6
|
|
开本页数:
|
24cm 
272页
|
|
丛书名:
|
|
|
单 册:
|
|
|
中图分类:
|
K3
|
|
科图分类:
|
|
|
主题词:
|
|
|
电子资源:
|
|
|
ISBN:
|
978-7-5228-1635-7
|
|
000
|
01857nam0 2200277 450
|
|
001
|
012023000448
|
|
005
|
20231013094909.4
|
|
010
|
|
@a978-7-5228-1635-7@dCNY88.00
|
|
100
|
|
@a20230725d2023 em y0chiy50 ea
|
|
101
|
0
|
@achi
|
|
102
|
|
@aCN@b110000
|
|
105
|
|
@aak a 000yy
|
|
106
|
|
@ar
|
|
200
|
1
|
@a日本研究论丛@Ari ben yan jiu lun cong@d= Collection of Japanese studies@h第4辑@f主编陈秀武@zeng
|
|
210
|
|
@a北京@c社会科学文献出版社@d2023.6
|
|
215
|
|
@a272页@c图@d24cm
|
|
300
|
|
@a主办单位: 东北师范大学日本研究所 国家社会科学重大项目 (编号: 18ZDA207) 的阶段性成果 集刊全文数据库 (jikan.com.cn) 收录
|
|
314
|
|
@a陈秀武, 历史学博士, 教授, 博士生导师, 东北师范大学日本研究所所长, 中华日本学会常务理事, 中国日本史学会常务理事, 中国日本史学会青年学者交流会会长:国务院学科评议组成员, 国家社会科学基金重大项目首席专家, 吉林省重点研究基地“伪满历史文化研究基地”主任。主要研究方向为日本近现代史、日本政治思想史、东亚海域史、伪满洲国史。
|
|
320
|
|
@a有书目
|
|
330
|
|
@a本书设“遗稿”“特稿”“专题研究: 日本与东亚海域”“日本文学与语言”“日本政治与社会”“日本经济与金融”六个栏目。内容包括: 人物及人物思想、作品研究, 如小泉八云、幸田露伴、开高健、柳父章; 语言研究, 如日源新词“秒杀”及其原语的关系与演化拓展, 近代日本翻译语发展; 日本对外发展研究, 如二战时期日本为掠夺中国东北地区资源对大连港的建设和东亚海域航线的开通、日本海军在“南进”政策上的内部博弈与演化及对中国华南地区的侵占, 战后日本应对美国等对日关系政策调整所带来冲击的基本路径; 社会与经济领域研究, 如战后日本社会面临的虚脱感、粮食短缺、“粕取文化”、黑市贸易等问题, “国民所得倍增计划”的意义与问题, 当今日本金融科技发展及监管体制的变革等。
|
|
510
|
1
|
@aCollection of Japanese studies@zeng
|
|
607
|
|
@a日本@Ari ben@x研究@j丛刊
|
|
690
|
|
@aK3@v5
|
|
701
|
0
|
@a陈秀武@Achen xiu wu@4主编
|
|
801
|
0
|
@aCN@bCDNYKJZYXY@c20230725
|
|
905
|
|
@aCDNYKJZYXY@b300696201-2@dK3@e67@f2
|
|
|
|
|
| |
| 日本研究论丛= Collection of Japanese studies.第4辑/主编陈秀武.-北京:社会科学文献出版社,2023.6 |
| 272页:图;24cm |
| 主办单位: 东北师范大学日本研究所 国家社会科学重大项目 (编号: 18ZDA207) 的阶段性成果 集刊全文数据库 (jikan.com.cn) 收录 |
| |
| ISBN 978-7-5228-1635-7:CNY88.00 |
| 本书设“遗稿”“特稿”“专题研究: 日本与东亚海域”“日本文学与语言”“日本政治与社会”“日本经济与金融”六个栏目。内容包括: 人物及人物思想、作品研究, 如小泉八云、幸田露伴、开高健、柳父章; 语言研究, 如日源新词“秒杀”及其原语的关系与演化拓展, 近代日本翻译语发展; 日本对外发展研究, 如二战时期日本为掠夺中国东北地区资源对大连港的建设和东亚海域航线的开通、日本海军在“南进”政策上的内部博弈与演化及对中国华南地区的侵占, 战后日本应对美国等对日关系政策调整所带来冲击的基本路径; 社会与经济领域研究, 如战后日本社会面临的虚脱感、粮食短缺、“粕取文化”、黑市贸易等问题, “国民所得倍增计划”的意义与问题, 当今日本金融科技发展及监管体制的变革等。 |
| ● |
正题名:日本研究论丛
索取号:K3/67
 
预约/预借
| 序号
|
登录号
|
条形码
|
馆藏地/架位号
|
状态
|
备注
|
|
1
|
696201
|
300696201
|
柳城-4楼/46架5列6层/
[索取号:K3/67]
|
在馆
|
|
|
2
|
696202
|
300696202
|
柳城-4楼/46架5列6层/
[索取号:K3/67]
|
在馆
|
|